Statistiques concernant 15 principaux pays touchés par Covid-19 - 24 novembre 2021

Cliquez ici pour prendre le quiz!

Statistiques générales

  • Ce quiz a été pris 24 fois
  • Le résultat moyen est 14 sur 28

Statistiques - réponses

pays% Correct
France
100%
Espagne
95%
Etats-Unis
95%
Allemagne
90%
Italie
90%
Russie
90%
Brésil
85%
Royaume-Uni
85%
Mexique
75%
Pays-Bas
75%
Argentine
65%
Inde
65%
Belgique
60%
Colombie
45%
Suède
40%
Indonésie
35%
Croatie
30%
Turquie
25%
Serbie
20%
Tchèquie
20%
Iran
15%
Lettonie
15%
Lituanie
15%
Slovénie
15%
Estonie
10%
Israël
10%
Bahreïn
0%
Géorgie
0%

Distribution des résultats

Percentile par nombre de réponses

% des personnes avec chaque résultat

Votre développement - résultats

Vous n’avez pas pris ce quiz